|
|
|
|
| LEADER |
00000nam0a2200000 4500 |
| 001 |
67438 |
| 005 |
20251217164509.0 |
| 010 |
|
|
|a 5060044955
|
| 035 |
|
|
|a (RuTPU)RU\TPU\book\71804
|
| 090 |
|
|
|a 67438
|
| 100 |
|
|
|a 20040916d2003 m y0rusy50 ca
|
| 101 |
0 |
|
|a rus
|
| 102 |
|
|
|a RU
|
| 105 |
|
|
|a y j 001zd
|
| 200 |
1 |
|
|a Россия в XIX веке
|e Курс лекций
|e учебное пособие для студентов вузов
|f Н. А. Троицкий
|
| 205 |
|
|
|a 2-е изд., испр.
|
| 210 |
|
|
|a Москва
|c Высшая школа
|d 2003
|
| 215 |
|
|
|a 431 с.
|
| 320 |
|
|
|a Хронология российской истории XIX века: с. 430-431
|
| 600 |
|
1 |
|a Сперанский
|g Михаил Михайлович
|b М. М.
|c российский государственный деятель
|c граф
|f 1772-1839
|2 stltpui
|3 (RuTPU)RU\TPU\pers\60
|
| 600 |
|
0 |
|a Александр
|d I
|f 1777-1825
|c российский император с 1801 г.
|c из династии Романовых
|2 stltpui
|3 (RuTPU)RU\TPU\pers\8
|
| 600 |
|
0 |
|a Николай
|d I
|c российский император из династии Романовых
|f 1796 - 1855
|2 stltpush
|3 (RuTPU)RU\TPU\pers\7201
|
| 606 |
|
|
|a Россия
|x История
|z 19 в.
|9 81865
|
| 610 |
1 |
|
|a 19 век
|
| 610 |
1 |
|
|a реформы
|
| 610 |
1 |
|
|a коалиционные войны
|
| 610 |
1 |
|
|a Отечественная война 1812
|
| 610 |
1 |
|
|a аракчеевщина
|
| 610 |
1 |
|
|a декабристы
|
| 610 |
1 |
|
|a тайные общества
|
| 610 |
1 |
|
|a внешняя политика
|
| 610 |
1 |
|
|a либералы
|
| 610 |
1 |
|
|a революционеры
|
| 610 |
1 |
|
|a охранители
|
| 610 |
1 |
|
|a крепостное право
|
| 610 |
1 |
|
|a народолюбцы
|
| 610 |
1 |
|
|a тираноборцы
|
| 610 |
1 |
|
|a Русско-турецкая война
|
| 610 |
1 |
|
|a контрреформы
|
| 610 |
1 |
|
|a культура
|
| 610 |
1 |
|
|a лекции
|
| 610 |
1 |
|
|a учебные пособия
|
| 686 |
|
|
|a Т3(2)52
|2 rubbk
|
| 700 |
|
1 |
|a Троицкий
|b Н. А.
|g Николай Алексеевич
|
| 801 |
|
1 |
|a RU
|b 63413507
|c 20040916
|g PSBO
|
| 801 |
|
2 |
|a RU
|b 63413507
|c 20121225
|g PSBO
|
| 942 |
|
|
|c BK
|